O Grande Amor da Princesa Santa Joana (Registo nº 3914)

Detalhes MARC
000 -Etiqueta do registo
Cabeçalho 00516cam a2200181 i 4500
005 - Identificador da versão
Campo de controlo 20240813122048.0
100 ## - Dados gerais de processamento
Dados gerais de processamento 20101027d1974 d y0pory5003 ba
102 ## - Pais de publicação ou produção
País de publicação Portugal
101 0# - Língua de publicação
Língua do texto, banda sonora, etc. Português
215 ## - Descrição física 
Indicação específica da natureza do documento e extensão da espécie 147 p. : il
200 1# - Titulo e menção de responsabilidade
Título próprio O Grande Amor da Princesa Santa Joana
Primeira menção de responsabilidade B. Guerra Conde Júnior
225 1# - Colecção 
Título próprio da colecção leitura juvenis
Indicação de volume 26
210 ## - Publicação, Distribuição, etc. 
Lugar da edição, distribuição, etc. Porto
Nome do editor, distribuidor, etc. Ad Astra Juventus
Data da publicação, distribuição, etc. 1974
300 ## - Notas gerais 
Texto da nota edição especial patrocinada pela Direcção-Geral da educação permanente
942 ## - Elementos de entrada adicionados (Koha)
Tipo de item no Koha Livro
Exemplares
Situação do levantamento Origin of item (home branch) (coded) Biblioteca de empréstimo Código de barras Cota Circulation type (not for loan) Tipo de documento Nota do exemplar Damaged status
  Biblioteca Escolar das Vendas Biblioteca Escolar das Vendas BEV256 8POR CON   Livro Sem mensagem